[Event "AUTO-ADV-4056"]
[Site "http://www.queenalice.com/game.php?id=1538557"]
[Date "2018.8.11"]
[Round "1"]
[White "SalsaKing"]
[Black "fabricioprado"]
[Result "0-1"]
[WhiteElo "1759"]
[BlackElo "1796"]

1. e4 e5 2. Nf3 Nc6 3. Bb5 d6 4. c3 Bd7 5. d3 Nf6 6. Bg5 Be7 7. Be3 O-O 8. Bxc6
Bxc6 9. c4 a6 10. h3 h6 11. a3 b6 12. Nc3 Bb7 13. g3 c5 14. Qe2 Bc6 15. a4 a5
16. Nh4 Nh7 17. Nd5 Bxd5 18. exd5 Bxh4 19. gxh4 Qxh4 20. Qf1 Rfe8 21. O-O-O e4
22. Rg1 Kh8 23. Qg2 Qf6 24. d4 Rg8 25. Qxe4 Rae8 26. Qd3 Rb8 27. Rg4 Rbe8 28.
Rf4 Qe7 29. Re1 f6 30. Re4 Qxe4 31. Qd2 cxd4 32. Bxd4 Qxe1+ 33. Qxe1 Rxe1+ 34.
Kd2 Rh1 0-1

[Event "AUTO-ADV-4056"]
[Site "http://www.queenalice.com/game.php?id=1538558"]
[Date "2018.8.11"]
[Round "1"]
[White "fabricioprado"]
[Black "SalsaKing"]
[Result "1-0"]
[WhiteElo "1755"]
[BlackElo "1761"]

1. e4 e5 2. Nf3 d6 3. Bc4 Bg4 4. O-O Nf6 5. d3 d5 6. exd5 Nxd5 7. Nbd2 Bxf3 8.
Qxf3 c6 9. Ne4 f6 10. Re1 Be7 11. a3 Qd7 12. Bxd5 cxd5 13. Ng3 g6 14. Bh6 g5 15.
Bg7 Nc6 16. Bxh8 g4 17. Qe3 Bf8 18. Bxf6 Bd6 19. d4 Qf7 20. Bxe5 Kd7 21. Bxd6
Kxd6 22. f4 Qf6 23. f5 Kc7 24. Rad1 Rd8 25. Qf4+ Kc8 26. Qxg4 h6 27. Nh5 Qf7 28.
f6+ Kb8 29. Rf1 Rg8 30. Qf4+ Ka8 31. Qxh6 a6 32. Rfe1 Rd8 33. Qg7 Qc7 34. f7 Qd6
35. Re8 Ka7 36. Rxd8 Qe7 37. Re8 Qh4 38. f8=Q Qxh5 39. Ra8+ Kb6 40. Qc5# 1-0

[Event "AUTO-ADV-4056"]
[Site "http://www.queenalice.com/game.php?id=1538559"]
[Date "2018.8.11"]
[Round "1"]
[White "SalsaKing"]
[Black "maurice91"]
[Result "0-1"]
[WhiteElo "1802"]
[BlackElo "1895"]

1. e4 c6 2. Nf3 d5 3. exd5 cxd5 4. d4 Nc6 5. a3 Nf6 6. c3 e6 7. Bb5 Bd6 8. Bxc6+
bxc6 9. Bg5 h6 10. Be3 Ba6 11. Nbd2 Rb8 12. b3 Bd3 13. c4 dxc4 14. bxc4 Qa5 15.
c5 Bc7 16. Ne5 Bxe5 17. dxe5 Nd5 18. Bd4 O-O 19. Qc1 Rb5 20. f3 Nf4 21. Kf2 Ne2
22. Qe1 Nxd4 23. Ra2 Rxc5 24. Ne4 Bxe4 25. Qxe4 Rd8 26. h3 Rxe5 27. Qb1 Rb5 28.
Qe4 Qb6 29. Kg3 Rg5+ 30. Kh2 Qc7+ 31. f4 Nf5 32. Re1 Nh4 33. g3 Rxg3 34. Kxg3
Nf5+ 35. Kf2 Qb6+ 36. Kg2 Qb3 37. Ree2 Qg3+ 38. Kf1 Rd1+ 39. Re1 Qxh3+ 40. Qg2
Ne3+ 41. Kf2 Qxg2+ 42. Kxe3 Rxe1+ 0-1

[Event "AUTO-ADV-4056"]
[Site "http://www.queenalice.com/game.php?id=1538560"]
[Date "2018.8.11"]
[Round "1"]
[White "maurice91"]
[Black "SalsaKing"]
[Result "1-0"]
[WhiteElo "1859"]
[BlackElo "1816"]

1. d4 d5 2. c4 dxc4 3. e4 b5 4. a4 Ba6 5. axb5 Bxb5 6. Nc3 c6 7. Be3 e6 8. d5
Bb4 9. Bxa7 exd5 10. exd5 Na6 11. Be3 Nc7 12. Rxa8 Qxa8 13. dxc6 Qxc6 14. Bd4
Nf6 15. Nf3 Qe4+ 16. Be2 Bxc3+ 17. bxc3 O-O 18. O-O Re8 19. Re1 Qc6 20. Ne5 Qe6
21. Kf1 h6 22. Bf3 Qd6 23. Qb1 Nd7 24. Nxd7 Rxe1+ 25. Qxe1 Bxd7 26. g3 h5 27.
Kg1 g6 28. Qe3 Nb5 29. Be5 Qa6 30. Qh6 f6 31. Qxg6+ Kf8 32. Bxf6 Qe6 33. Qg7+
Ke8 34. Bxh5+ Qf7 35. Qxf7# 1-0

[Event "Challenge"]
[Site "http://www.queenalice.com/game.php?id=1539266"]
[Date "2018.8.18"]
[Round "-"]
[White "marcomasao"]
[Black "SalsaKing"]
[Result "1-0"]
[WhiteElo "1893"]
[BlackElo "1790"]

1. e4 e5 2. Bc4 Qf6 3. Nf3 h6 4. Nc3 c6 5. Qe2 d6 6. h3 Be6 7. b4 Bxc4 8. Qxc4
Nd7 9. Bb2 Nb6 10. Qe2 d5 11. exd5 Bd6 12. Ne4 Qe7 13. Nxd6+ Qxd6 14. Bxe5 Qg6
15. Bxg7+ Ne7 16. d6 Qxg7 17. Qxe7# 1-0

[Event "Challenge"]
[Site "http://www.queenalice.com/game.php?id=1539267"]
[Date "2018.8.18"]
[Round "-"]
[White "SalsaKing"]
[Black "marcomasao"]
[Result "0-1"]
[WhiteElo "1775"]
[BlackElo "1954"]

1. e4 e5 2. Nf3 Nc6 3. Bb5 Nd4 4. Nxd4 exd4 5. Qf3 Bc5 6. d3 Qf6 7. Nd2 a6 8.
Ba4 b5 9. Bb3 Bb7 10. Qh5 d6 11. O-O g6 12. Qe2 h6 13. a4 Ne7 14. Nf3 b4 15. Re1
O-O-O 16. e5 dxe5 17. Nxe5 Rh7 18. Ng4 Qc6 19. f3 Qd6 20. g3 Nd5 21. Bxd5 Bxd5
22. Bf4 Qc6 23. Bxh6 Bd6 24. Bf4 Bxf3 25. Ne5 Bxe5 26. Qxe5 Rdh8 27. Qxd4 Rxh2
28. g4 Rg2+ 0-1

[Event "Challenge"]
[Site "http://www.queenalice.com/game.php?id=1539683"]
[Date "2018.8.21"]
[Round "-"]
[White "SalsaKing"]
[Black "naugard47"]
[Result "1/2-1/2"]
[WhiteElo "1773"]
[BlackElo "1749"]

1. e4 e5 2. Nf3 Nc6 3. Nc3 Bc5 4. d3 h6 5. a3 d6 6. h3 Be6 7. b4 Bd4 8. Bd2 g5
9. b5 Nce7 10. a4 a5 11. Rb1 b6 12. Nxd4 exd4 13. Ne2 c5 14. c3 d5 15. e5 Nf5
16. cxd4 cxd4 17. g4 Nh4 18. Nxd4 Bd7 19. Rc1 Ne7 20. Bc3 O-O 21. Be2 Ng2+ 22.
Kf1 Nf4 23. Bd2 Nfg6 24. Bf3 Nxe5 25. Be2 f5 26. Rh2 f4 27. f3 Rc8 28. Qb3 Rxc1+
29. Bxc1 Re8 30. Bb2 Qc7 31. Ba3 Qb7 32. Bb2 Rc8 33. Qa3 Be8 34. h4 Nf7 35. hxg5
hxg5 36. Ne6 Qd7 37. Nxg5 Nxg5 38. Qa1 Ng6 39. Rh5 Qd8 40. Bf6 Rc1+ 41. Qxc1
Qxf6 42. Qc8 Qa1+ 43. Kg2 Qe5 44. Bf1 Kg7 45. Qf5 Nf7 46. Qc8 Qe7 47. Rxd5 Nd6
48. Rxd6 Qxd6 49. Qxe8 Nh4+ 50. Kh3 Nxf3 51. Kg2 Ng5 52. Qc6 f3+ 53. Kh1 Qh6+
54. Kg1 Nh3+ 55. Bxh3 Qxh3 56. Qd7+ Kg8 57. Qe8+ Kg7 58. Qe7+ Kg8 59. Qe8+ Kg7
60. Qe7+ 1/2-1/2

[Event "Challenge"]
[Site "http://www.queenalice.com/game.php?id=1546631"]
[Date "2018.10.22"]
[Round "-"]
[White "cyrano"]
[Black "SalsaKing"]
[Result "0-1"]
[WhiteElo "1583"]
[BlackElo "1772"]

1. e4 e5 2. d3 d6 3. f4 exf4 4. Bxf4 Nc6 5. Qh5 Nd4 6. Na3 Ne6 7. Be3 Nf6 8.
Qb5+ c6 9. Qb3 Ng4 10. Bd2 Nc5 11. Qc3 h6 12. h3 Nf6 13. Qd4 Qe7 14. b4 Ne6 15.
Qc3 d5 16. exd5 Nxd5 17. Qb2 Qh4+ 18. Kd1 Qf2 19. Nf3 Qg3 20. c4 Ndf4 21. Qe5 f6
22. Bxf4 Qxf4 23. Qxf4 Nxf4 24. g3 Ne6 25. c5 Be7 26. d4 O-O 27. Bc4 b6 28. Re1
Kf7 29. Kc2 Bd7 30. d5 cxd5 31. Bxd5 Rad8 32. c6 Bc8 33. Rad1 Bxb4 34. Re3 Rxd5
35. Rxd5 Re8 36. Nb5 Re7 37. Kb3 Bc5 38. Nd6+ Bxd6 39. Rxd6 Nc5+ 40. Kb4 Rxe3
41. Rd8 Bxh3 42. c7 Na6+ 43. Kb5 Nxc7+ 44. Kc6 Rc3+ 45. Kb7 Ke7 46. Rg8 Kf7 47.
Rc8 Bxc8+ 48. Kxa7 Rxf3 49. Kxb6 Na8+ 50. Ka7 Ra3+ 51. Kb8 Be6 52. Kb7 Rxa2 53.
Kb8 Ke7 54. Kb7 Kd7 55. Kb8 Kc6 56. g4 Rb2+ 57. Kxa8 Kc7 58. Ka7 Ra2# 0-1

[Event "AUTO-ADV-4104"]
[Site "http://www.queenalice.com/game.php?id=1552489"]
[Date "2018.12.10"]
[Round "1"]
[White "Equiferus"]
[Black "SalsaKing"]
[Result "1-0"]
[WhiteElo "1850"]
[BlackElo "1766"]

1. Nf3 Nf6 2. g3 d5 3. Bg2 Nc6 4. O-O Be6 5. d4 h6 6. b3 Bf5 7. c4 e6 8. Ne5 Bd6
9. Nxc6 bxc6 10. Nd2 Qd7 11. c5 Be7 12. Bb2 O-O 13. Re1 Ne4 14. f3 1-0

[Event "AUTO-ADV-4104"]
[Site "http://www.queenalice.com/game.php?id=1552503"]
[Date "2018.12.10"]
[Round "1"]
[White "jlpbarreto"]
[Black "SalsaKing"]
[Result "1-0"]
[WhiteElo "1930"]
[BlackElo "1720"]

1. g4 e5 2. Bg2 d5 3. d3 c6 4. c4 d4 5. h3 Bb4+ 6. Nd2 h6 7. a3 Bd6 8. Ne4 Nf6
9. Bd2 Be6 10. b4 Qd7 11. Qb3 Nxe4 12. Bxe4 Na6 13. Nf3 b5 14. Qc2 bxc4 15. dxc4
Rc8 16. c5 Bc7 17. Qa4 Nb8 18. Qxa7 f6 19. Bg6+ Ke7 20. Qa4 Bd5 21. O-O Rcd8 22.
Qc2 h5 23. gxh5 Bxf3 24. exf3 Qxh3 25. Qf5 Qxf5 26. Bxf5 Rxh5 27. Bg4 Rh7 28.
Kg2 e4 29. fxe4 Rh2+ 30. Kf3 Rdh8 31. Rad1 Be5 32. Bc1 g5 33. Bb2 Nd7 34. Bf5
R8h4 35. Bxd4 g4+ 36. Bxg4 f5 37. Bxf5 Bxd4 38. Rxd4 Ne5+ 39. Ke2 Rh8 40. a4
R2h5 41. a5 Rd8 42. Rxd8 Kxd8 43. a6 1-0

[Event "AUTO-ADV-4104"]
[Site "http://www.queenalice.com/game.php?id=1552504"]
[Date "2018.12.10"]
[Round "1"]
[White "SalsaKing"]
[Black "jlpbarreto"]
[Result "0-1"]
[WhiteElo "1712"]
[BlackElo "1869"]

1. e4 e5 2. Nf3 Nc6 3. Bb5 a6 4. Bxc6 dxc6 5. a3 Bc5 6. Nxe5 Qg5 7. d4 Qxg2 8.
Qf3 Qxf3 9. Nxf3 Be7 10. Bf4 Bd6 11. e5 Be7 12. e6 Bxe6 13. Bxc7 Bd5 14. Nbd2 b5
15. O-O Nf6 16. Ne5 O-O 17. h3 Rfe8 18. Rfe1 Rac8 19. Bb6 Kf8 20. c3 Kg8 21. Nf1
Rb8 22. Ba5 Rbc8 23. Bb4 Kf8 24. a4 Bxb4 25. cxb4 Re6 26. Ne3 g6 27. Nxd5 cxd5
28. Nd3 Rxe1+ 29. Rxe1 Nd7 30. Nf4 Nf6 31. axb5 axb5 32. b3 Rc3 33. Re3 Rc1+ 34.
Kg2 Rd1 35. Ne2 Nd7 36. h4 f6 37. Rc3 Rb1 38. Nf4 Rd1 39. f3 Kf7 40. Nxd5 Rxd4
41. Ne3 Rxh4 42. Nc2 Rh5 43. Kg3 Rd5 44. f4 Kg7 45. Kf3 h5 46. Ke3 g5 47. fxg5
fxg5 48. Ke4 Nf6+ 49. Kf3 g4+ 50. Ke2 Re5+ 51. Re3 Rxe3+ 52. Nxe3 Kg6 53. Kd3 g3
54. Ng2 Kg5 55. Kd4 h4 56. Ke3 h3 57. Kf3 hxg2 58. Kxg2 Kg4 59. Kg1 Ne4 60. Kh1
Nd2 0-1

[Event "AUTO-ADV-4104"]
[Site "http://www.queenalice.com/game.php?id=1552511"]
[Date "2018.12.10"]
[Round "1"]
[White "byyonico"]
[Black "SalsaKing"]
[Result "1-0"]
[WhiteElo "1698"]
[BlackElo "1738"]

1. e4 e5 2. Nf3 Nc6 3. Bb5 Bd6 4. c3 a6 5. Bxc6 dxc6 6. O-O h6 7. d3 Qf6 8. Be3
Qg6 9. Nbd2 Be7 10. Nxe5 Qe6 11. f4 b6 12. Ndf3 Bb7 13. h3 Bf6 14. Ng4 h5 15.
Nxf6+ Nxf6 16. Ng5 Qe7 17. Qb3 O-O 18. e5 Nh7 19. Nxh7 Kxh7 20. d4 Qh4 21. Qc2+
Kh8 22. Qf2 Qe7 23. f5 f6 24. Qh4 Qf7 25. e6 Qe7 26. Qxh5+ Kg8 27. Rf4 Qe8 28.
Qf3 Qe7 29. Qh5 1-0

[Event "AUTO-ADV-4104"]
[Site "http://www.queenalice.com/game.php?id=1552512"]
[Date "2018.12.10"]
[Round "1"]
[White "SalsaKing"]
[Black "byyonico"]
[Result "0-1"]
[WhiteElo "1753"]
[BlackElo "1778"]

1. e4 c5 2. d4 cxd4 3. Qxd4 Nc6 4. Qd2 e5 5. Nf3 Nf6 6. Bd3 Bb4 7. c3 Bc5 8. b4
Bb6 9. b5 Ne7 10. Qg5 O-O 11. a4 d6 12. h4 Ng4 13. O-O Bxf2+ 14. Rxf2 Qb6 15.
Ra2 f6 16. Qd2 Ng6 17. Qe1 Nxf2 18. Qxf2 Qxf2+ 19. Rxf2 Bg4 20. Nh2 Nf4 21. Rxf4
Bd1 22. Rf1 Bxa4 23. c4 Rfd8 24. Nf3 a6 25. Ba3 axb5 26. cxb5 d5 0-1

[Event "Challenge"]
[Site "http://www.queenalice.com/game.php?id=1804909"]
[Date "2023.1.29"]
[Round "-"]
[White "SalsaKing"]
[Black "Curie"]
[Result "1-0"]
[WhiteElo "1702"]
[BlackElo "1587"]

1. e4 e5 2. Nf3 d6 3. Nc3 Nc6 4. h3 Nf6 5. d3 h6 6. a3 Be7 7. Nd5 Nxd5 8. exd5
Nd4 9. Nxd4 exd4 10. Qf3 Bd7 11. Be2 O-O 12. Qg3 c6 13. Bxh6 Bf6 14. Bg4 gxh6
15. Bf3+ Bg7 16. Bg4 Qe7+ 17. Kf1 Rae8 18. Kg1 c5 19. Kh2 Bxg4 20. hxg4 Qe2 21.
f4 Qxc2 22. g5 Re3 23. Qg4 Qxd3 24. gxh6 Qg6 25. Qxg6 fxg6 26. hxg7 Kxg7 27. g3
Re2+ 28. Kh3 Rxb2 29. Kg4 Rf5 30. Rae1 a5 31. Re7+ Kf6 32. Rhh7 g5 33. Re6# 1-0

[Event "AUTO-ADV-4685"]
[Site "http://www.queenalice.com/game.php?id=1807867"]
[Date "2023.3.14"]
[Round "1"]
[White "maurice916"]
[Black "SalsaKing"]
[Result "0-1"]
[WhiteElo "1895"]
[BlackElo "1732"]

1. c4 e5 2. g3 d6 3. Bg2 c6 4. Nc3 Nf6 5. e4 a6 6. Nge2 h6 7. d4 Nbd7 8. O-O Be7
9. f4 exd4 10. Nxd4 g6 11. Bd2 c5 12. Nde2 h5 13. Qc2 h4 14. Nd5 Nb6 15. Rae1
Nbxd5 16. exd5 Bf5 17. Qb3 Qd7 18. Nc3 hxg3 19. hxg3 Bh3 20. Kf2 Ng4+ 21. Kg1
Bxg2 22. Kxg2 Nf6 23. Rh1 O-O-O 24. Na4 Kb8 25. Ba5 Rdg8 26. Nb6 Qe8 27. Rxh8
Rxh8 28. Qe3 Rh2+ 29. Kxh2 Ng4+ 30. Kg2 Nxe3+ 31. Rxe3 f5 32. b3 Qf7 33. Bc3 g5
34. Re6 gxf4 35. gxf4 Bh4 36. Bd2 Qg7+ 37. Kf1 Qa1+ 38. Ke2 Qxa2 39. Rxd6 Qxb3
40. Rh6 Bg3 41. Rh7 Qxb6 42. Rg7 Qb3 43. d6 Qxc4+ 44. Kd1 Qa4+ 45. Kc1 Qa1+ 0-1

[Event "AUTO-ADV-4685"]
[Site "http://www.queenalice.com/game.php?id=1807868"]
[Date "2023.3.14"]
[Round "1"]
[White "SalsaKing"]
[Black "maurice916"]
[Result "1/2-1/2"]
[WhiteElo "1755"]
[BlackElo "1861"]

1. e4 e6 2. d3 b6 3. Nf3 Bb7 4. a3 d5 5. e5 c5 6. d4 cxd4 7. Nxd4 Nc6 8. Bb5 Qc7
9. Nf3 Ne7 10. c3 a6 11. Bxc6+ Nxc6 12. Bf4 Be7 13. Nbd2 h6 14. Qc2 O-O-O 15. b4
Na7 16. O-O Kb8 17. Nd4 Bc8 18. g3 g5 19. Be3 Qxe5 20. N2f3 Qg7 21. c4 Bb7 22.
Qb2 Bf6 23. Rad1 dxc4 24. Qe2 Rhe8 25. Qxc4 g4 26. Ne1 e5 27. Nf5 Qg6 28. Nd6
Re6 29. Nxb7 Rxd1 30. Qxa6 e4 31. Nc2 Rxf1+ 32. Kxf1 Bc3 33. Nd8 Re7 34. Bf4+
Ka8 35. Qc4 Be5 36. Qd5+ Kb8 37. Bxe5+ Kc8 38. Nd4 Rxe5 39. Qxe5 Kxd8 40. Nf5
Nc6 41. Qd5+ Ke8 42. Qxe4+ Kf8 43. b5 Na5 44. Qe7+ Kg8 45. Nd6 Qd3+ 46. Kg1 Qd1+
47. Kg2 Qf3+ 48. Kg1 Qd1+ 49. Kg2 Qd5+ 50. Kg1 1/2-1/2

[Event "AUTO-ADV-4685"]
[Site "http://www.queenalice.com/game.php?id=1807879"]
[Date "2023.3.14"]
[Round "1"]
[White "BeatifulDevil56"]
[Black "SalsaKing"]
[Result "0-1"]
[WhiteElo "2002"]
[BlackElo "1759"]

1. d4 d5 2. Nf3 h6 3. Nc3 c6 4. Bf4 Bf5 5. Bxb8 Qxb8 6. e3 Nf6 7. h3 e6 8. Bd3
Bb4 9. O-O g5 10. Bxf5 exf5 11. Qd3 Qc8 12. a3 Bd6 13. Kh1 g4 14. hxg4 fxg4 15.
Nh4 Qe6 16. Nf5 O-O-O 17. Nxd6+ Rxd6 18. g3 h5 19. Kg2 h4 20. Rh1 h3+ 21. Kf1
Nh5 22. b4 Qf6 23. Ke2 Qf3+ 24. Kd2 Qxf2+ 25. Kc1 Nxg3 26. Re1 Qxe1+ 27. Kb2 Qf2
0-1

[Event "AUTO-ADV-4685"]
[Site "http://www.queenalice.com/game.php?id=1807880"]
[Date "2023.3.14"]
[Round "1"]
[White "SalsaKing"]
[Black "BeatifulDevil56"]
[Result "0-1"]
[WhiteElo "1761"]
[BlackElo "1886"]

1. e4 e5 2. d3 Bc5 3. Qf3 Qf6 4. Nc3 Qxf3 5. Nxf3 d6 6. Nd5 Ne7 7. a3 Nxd5 8.
exd5 h6 9. h3 Nd7 10. c4 a6 11. b3 b5 12. Be2 Bb7 13. b4 Ba7 14. Bd2 O-O 15. O-O
c6 16. a4 bxa4 17. Rxa4 cxd5 18. cxd5 Nf6 19. d4 exd4 20. b5 axb5 21. Bxb5 Nxd5
22. Nxd4 Nf6 23. Be3 Bxd4 24. Rxd4 Ba6 25. Bd3 Bxd3 26. Rxd3 Ra6 27. g4 Ne4 28.
Kg2 Rd8 29. h4 Nf6 30. g5 hxg5 31. Bxg5 d5 32. h5 Kh7 33. Rh1 Rh8 34. Bxf6 Rxf6
35. Rxd5 Kh6 36. Rh3 Re8 37. Re3 Ree6 38. Rde5 Rxe5 39. Rxe5 Re6 40. Rc5 f6 41.
f4 Re3 42. Rd5 Ra3 43. Rc5 Re3 44. Rd5 Ra3 45. Rd4 Kxh5 46. Rd7 g5 47. Rf7 Kg6
48. Re7 gxf4 49. Re1 Kg5 50. Rf1 Kg4 51. Rf2 f5 52. Kh2 Rh3+ 53. Kg1 f3 54. Rh2
Rg3+ 55. Kf1 Rh3 56. Rxh3 Kxh3 57. Kf2 Kg4 58. Kg1 Kf4 59. Kf2 Ke4 60. Ke1 Ke3
61. Kf1 f2 62. Kg2 Ke2 63. Kh1 f1=Q+ 0-1

[Event "AUTO-ADV-4685"]
[Site "http://www.queenalice.com/game.php?id=1807885"]
[Date "2023.3.14"]
[Round "1"]
[White "NickThorp"]
[Black "SalsaKing"]
[Result "0-1"]
[WhiteElo "1549"]
[BlackElo "1723"]

1. e4 e5 2. Nf3 d6 3. Bb5+ c6 4. Ba4 h6 5. d3 Be7 6. Nc3 b5 7. Bb3 Nf6 8. h3 Bd7
9. O-O Qc7 10. Be3 c5 11. Nd5 Qc8 12. Nxe7 Kxe7 13. a3 g5 14. Bd5 Nc6 15. b4 g4
16. hxg4 Bxg4 17. c3 Bh3 18. gxh3 Qxh3 19. Nh2 Rag8+ 20. Kh1 Qg2# 0-1

[Event "AUTO-ADV-4685"]
[Site "http://www.queenalice.com/game.php?id=1807886"]
[Date "2023.3.14"]
[Round "1"]
[White "SalsaKing"]
[Black "NickThorp"]
[Result "0-1"]
[WhiteElo "1785"]
[BlackElo "1632"]

1. e4 e5 2. Nf3 Nc6 3. a3 Nf6 4. Bd3 d6 5. h3 Be7 6. Nc3 O-O 7. Qe2 a6 8. Bc4 b5
9. Bd5 Nxd5 10. exd5 Nd4 11. Qd1 c6 12. dxc6 Nxc6 13. d3 h6 14. b4 a5 15. bxa5
Rxa5 16. Bb2 Be6 17. Ne4 Bf5 18. Qe2 Nd4 19. Nxd4 exd4 20. Bxd4 d5 21. Nc5 Qc7
22. Nb3 Ra4 23. c3 Rfa8 24. Qb2 Bxd3 25. Qd2 Be4 26. O-O Bxa3 27. Qe3 Bb2 28.
Rxa4 bxa4 29. Nd2 a3 30. c4 Bxd4 31. Qxd4 a2 32. Qa1 Qa5 33. Nb3 Qa3 34. Nd2 Bd3
35. Re1 dxc4 36. Rc1 Rb8 37. Rc3 Qa5 38. Kh2 Qe5+ 39. g3 Ra8 40. Nf3 Qxc3 41.
Qxc3 a1=Q 42. Qb4 Kh7 43. Qe7 f6 44. Qf7 Rg8 45. Nh4 c3 46. f4 c2 47. f5 c1=Q
48. Qg6+ Kh8 0-1

[Event "Challenge"]
[Site "http://www.queenalice.com/game.php?id=1811048"]
[Date "2023.5.2"]
[Round "-"]
[White "dylkink93"]
[Black "SalsaKing"]
[Result "1-0"]
[WhiteElo "2123"]
[BlackElo "1763"]

1. e4 e5 2. Nf3 Bd6 3. Bc4 Qe7 4. O-O a6 5. Nc3 c6 6. d4 h6 7. dxe5 Bc7 8. Bf4
b5 9. Bb3 g5 10. Be3 g4 11. Nd4 d6 12. exd6 Qxd6 13. g3 h5 14. Bf4 Qd7 15. Bxc7
Qxc7 16. Nf5 Ne7 17. Nd6+ Kf8 18. Nxf7 Rh7 19. Ng5 Rg7 20. Qd2 Rg6 21. Rad1 Rf6
22. Nh7+ Kg7 23. Nxf6 Kxf6 24. Qh6+ Ke5 25. Qh8# 1-0

[Event "Let's Play Chess!"]
[Site "http://www.queenalice.com/game.php?id=1813516"]
[Date "2023.6.10"]
[Round "-"]
[White "Charles56"]
[Black "SalsaKing"]
[Result "1-0"]
[WhiteElo "1536"]
[BlackElo "1750"]

1. d4 d5 2. Nc3 e6 3. a3 h6 4. Nf3 Nc6 5. e3 Nf6 6. Bb5 Bd7 7. Qe2 a6 8. Ba4 Be7
9. h3 Bd6 10. b4 Ne4 11. Nxe4 dxe4 12. Nd2 Qg5 13. f3 exf3 14. Qxf3 O-O-O 15.
Ne4 Qh4+ 16. g3 Qe7 17. c4 Qf8 18. b5 f5 19. Nxd6+ Qxd6 20. c5 Qd5 21. Qxd5 exd5
22. bxa6 Na7 23. axb7+ Kxb7 24. Rb1+ Ka8 25. Bxd7 Rxd7 26. Rh2 c6 27. Rhb2 Rdd8
28. a4 Rhe8 29. Kf2 Rb8 30. g4 fxg4 31. hxg4 g5 32. Bd2 1-0